LEADER 01124nam0-22003611i-450- 001 990003853910403321 005 20080114130840.0 010 $a0-05-002318-7 035 $a000385391 035 $aFED01000385391 035 $a(Aleph)000385391FED01 035 $a000385391 100 $a20030910d--------km-y0itay50------ba 101 0 $aita 102 $aIT 200 1 $aLabour Market Issues of the 1970s$fEdited by D.J. Robertson and L.C. Hunter. 210 $aEdinburgh$cOliver & Boyd$dc1970. 215 $aviii, 223 p.$d25 cm 300 $a[These papers were first printed in "Scottish Journal of Political Economy, vol. XVII No. 2, June 1970] 610 0 $aPolitica del lavoro$aGran Bretagna 610 0 $aRelazioni industriali$aGran Bretagna 676 $aF/1.402 676 $aG/2.2 676 $aG/2.40 702 1$aHunter,$bLaurence Colvin$f<1934- > 702 1$aRobertson,$bDonald J. 801 0$aIT$bUNINA$gRICA$2UNIMARC 901 $aBK 912 $a990003853910403321 952 $aG/2.40 LAB$b043466$fSES 959 $aSES 996 $aLabour Market Issues of the 1970s$9515498 997 $aUNINA LEADER 03092nam 2200613 450 001 9910830676103321 005 20230109113615.0 010 $a1-280-28595-8 010 $a9786610285952 010 $a0-470-79700-2 010 $a0-470-75484-2 010 $a1-4051-5230-3 035 $a(CKB)1000000000342102 035 $a(EBL)243606 035 $a(OCoLC)276997782 035 $a(SSID)ssj0000183178 035 $a(PQKBManifestationID)11179787 035 $a(PQKBTitleCode)TC0000183178 035 $a(PQKBWorkID)10172875 035 $a(PQKB)10042859 035 $a(MiAaPQ)EBC243606 035 $a(MiAaPQ)EBC7076285 035 $a(Au-PeEL)EBL7076285 035 $a(EXLCZ)991000000000342102 100 $a20230109d2006 uy 0 101 0 $aeng 135 $aur|n|---||||| 181 $ctxt 182 $cc 183 $acr 200 10$aInventing intelligence $ea social history of smart /$fPaul Michael Privateer 210 1$aMalden, Massachusetts :$cBlackwell Pub.,$d[2006] 210 4$dİ2006 215 $a1 online resource (282 p.) 300 $aDescription based upon print version of record. 311 $a1-4051-1216-6 320 $aIncludes bibliographical references (pages [248]-260) and index. 327 $aInventing Intelligence: A Social History of Smart; Contents; Acknowledgments; Introduction: The World of Intelligence; Part I The Renaissance Economy of Intelligence; 1 The Pre-Renaissance Tradition of Intelligence; 2 The New Landscape of Smart; 3 The First Smart Economy; 4 Renaissance Intellectual Trends; 5 Renaissance Philosophy and Fabrications of Intelligence: From Montaigne to Hobbes; 6 Smart Renaissance Science; 7 Profitable Knowledge and Intelligence Becomes a Career; 8 Intelligence and Dominant Renaissance Scientists 327 $aPart II Bright Lights, Fallen Apples, and Clinical Gazes: Intelligence and the Enlightenment9 Intelligence and the Enlightenment; 10 Illuminating Enlightenment Intelligence; 11 Enlightenment Insight: Fallen Apples, Social Mathematics, and a New Intelligence; 12 The Clinical Gaze and Human Normalization; Part III Modern and Postmodern Intelligence: Smart Architects, Smart Tools, and Smart Critiques; 13 Smart Architects and Contemporary Intelligence; 14 Smart Tools and Modern Intelligence; 15 Smart Critiques: New Sciences and New Mathematics; Conclusion; Bibliography; Index 330 $aWhat is intelligence? What makes humans homo sapiens - the intelligent species? Inventing Intelligence is a bold deconstruction of the history of intelligence, bringing a cultural studies approach to this fascinating subject for the first time. 606 $aIntellect$xSocial aspects 606 $aIntellect$xHistory 615 0$aIntellect$xSocial aspects. 615 0$aIntellect$xHistory. 676 $a153.909 686 $a77.32$2bcl 700 $aPrivateer$b Paul Michael$f1946-$0897079 801 0$bMiAaPQ 801 1$bMiAaPQ 801 2$bMiAaPQ 906 $aBOOK 912 $a9910830676103321 996 $aInventing intelligence$92004377 997 $aUNINA LEADER 01081nas 2200373 c 450 001 9910891248303321 005 20260218110418.0 035 $a(CKB)1000000000264808 035 $a(OCoLC)645372794 035 $a(DE-101)991919645 035 $a(DE-599)ZDB2471701-0 035 $a(DE-599)2471701-0 035 $a(EXLCZ)991000000000264808 100 $a20081219b18931903 |y | 101 0 $aita 135 $aur||||||||||| 181 $ctxt$2rdacontent 182 $cc$2rdamedia 183 $acr$2rdacarrier 200 10$aBollettino delle sedute della Accademia Gioenia di Scienze Naturali in Catania 210 31$aCatania$cAccad.$d1893-1903 215 $aOnline-Ressource 311 08$a0366-1768 531 00$aBoll Sedute Accad Gioenia Sci Nat Catania 608 $aZeitschrift$2gnd-content 676 $a000 686 $a11$2ssgn 801 0$b8999 801 1$bDE-101 801 2$b9999 906 $aJOURNAL 912 $a9910891248303321 996 $aBollettino delle sedute della Accademia Gioenia di Scienze Naturali in Catania$94263045 997 $aUNINA